00796namaa22001451 4500001000700000003000900007005001700016008004100033100004100074245017300115260007000288300002700358500005900385852020600444174061ES-MaACL20230906215427.0100210s1910 sp |||| | spa d1 aFernández-Shaw, Carlos,d1865-191113aLa tragedia del beso b: poema dramático en tres cantos : inspirado en la Comedia de Dante Alighieri (parte primera, el Infierno, canto V) /cCarlos Fernández Shaw. aMadrid : bSociedad de Autores Españoles, c1910 (fR. Velasco) a38 p., 2 h. ; c19 cm. aEn port.: Teatro de la Princesa - 14 de marzo de 1910. aES-MaACLjF-8649(6) z.- Enc. hol. conservando la cub. original z.- Enc. en un vol. facticio formando parte de la col. facticia "Teatro español moderno" v. 108 z.- Dedicatoria autógrafa del autor